| 000 | 00463nam a2200181Ia 4500 | ||
|---|---|---|---|
| 005 | 20250508161908.0 | ||
| 008 | 008 250505s9999 xx 000 0 hin d | ||
| 037 | _aBooks to be hide in OPAC | ||
| 040 |
_aFEDL _beng _cFEDL |
||
| 041 |
_ahin _2eng |
||
| 084 |
_a512, NCE/O _qFEDL |
||
| 245 | 0 | _aAnkganit beejganit : Pratham bhag | |
| 245 | 0 | _cNCERT | |
| 260 | _c1973 | ||
| 300 | _a174p. | ||
| 942 |
_cHB _h512, NCE/O |
||
| 999 |
_c1373032 _d1373032 |
||